Suspektné endokrinné disruptory vo fotoprotektívnych výrobkoch bakalárska práca

Gespeichert in:
Bibliographische Detailangaben
1. Verfasser: Vaneková, Jana
Format: Buch
Sprache:Slowakisch
Veröffentlicht: Bratislava STU FCHPT 2013
Online-Zugang:Im OPAC anzeigen
Tags: Tag hinzufügen
Keine Tags, Fügen Sie das erste Tag hinzu!

MARC

LEADER 00000nam a2200000 a 4500
005 20260127134113.0
008 131008 2013 000 0 slo d
035 |a vtls010548759 
039 9 |y 201310080942  |z mschk03 
040 |a STUSCHK1  |b slo  |c STUSCHK1  |e AACR2 
100 1 |a Vaneková, Jana 
245 1 |a Suspektné endokrinné disruptory vo fotoprotektívnych výrobkoch  |b bakalárska práca  |c Jana Vaneková 
260 |a Bratislava  |b STU FCHPT  |c 2013 
300 |a 28 s.  |b il.  |c 30 cm 
500 |a Obhájené: 07.08.2013 
500 |a Štud. program: Výživa-kozmetika-ochrana zdravia 
500 |a Štud. odbor: Potravinárstvo 
500 |a Škol. pracovisko: Odd. potravinárskej technológie 
500 |a Evid. číslo: FCHPT-13046-43545 
910 |a SCHK95 
999 |c 4151  |d 4151